logo

Bir Sreshtho Munshi Abdur Rouf Library
Jhenaidah Cadet College

Destined for war : (Record no. 13650)

MARC details
000 -LEADER
fixed length control field 02744cam a22003491i 4500
001 - CONTROL NUMBER
JCCL Control Number 13650
003 - CONTROL NUMBER IDENTIFIER
JCCL marc code BD-JhCC
005 - DATE AND TIME OF LATEST TRANSACTION
control field 20240313130417.0
008 - FIXED-LENGTH DATA ELEMENTS--GENERAL INFORMATION
fixed length control field 170502s2017 mau 000 0 eng
020 ## - INTERNATIONAL STANDARD BOOK NUMBER
International Standard Book Number 9780544935273 (hardback)
035 ## - SYSTEM CONTROL NUMBER
system control number (BD-JhCC)13650
040 ## - CATALOGING SOURCE
Original cataloging agency DLC
Description conventions rda
Transcribing agency DLC
Modifying agency BD-JhCC
041 ## - LANGUAGE CODE
Language code of Book english
050 00 - LIBRARY OF CONGRESS CALL NUMBER
Classification number JZ6385
Item number .A45 2017
082 00 - DEWEY DECIMAL CLASSIFICATION NUMBER
Classification number 327.73051
DDC Edition number 23
Author mark and Year ALL 2017
084 ## - OTHER CLASSIFICATION NUMBER
Classification number POL010000
-- HIS027000
-- POL011000
-- HIS008000
Source of number bisacsh
100 1# - MAIN ENTRY--PERSONAL NAME
Personal name Allison, Graham T.,
245 10 - TITLE STATEMENT
Title Destined for war :
Remainder of title Can America and China escape Thucydides's trap? /
Statement of responsibility, etc Graham Allison.
260 ## - PUBLICATION, DISTRIBUTION, ETC. (IMPRINT)
Place of publication, distribution, etc New York:
Name of publisher, distributor, etc Houghton Mifflin Harcourt;
Date of publication, distribution, etc 2017.
300 ## - PHYSICAL DESCRIPTION
Pagination 513 p. :
Dimensions 24 cm.
520 ## - SUMMARY, ETC.
Summary, etc "CHINA AND THE UNITED STATES ARE HEADING TOWARD A WAR NEITHER WANTS. The reason is Thucydides's Trap, a deadly pattern of structural stress that results when a rising power challenges a ruling one. This phenomenon is as old as history itself. About the Peloponnesian War that devastated ancient Greece, the historian Thucydides explained: "It was the rise of Athens and the fear that this instilled in Sparta that made war inevitable." Over the past 500 years, these conditions have occurred sixteen times. War broke out in twelve of them. Today, as an unstoppable China approaches an immovable America and both Xi Jinping and Donald Trump promise to make their countries "great again," the seventeenth case looks grim. Unless China is willing to scale back its ambitions or Washington can accept becoming number two in the Pacific, a trade conflict, cyberattack, or accident at sea could soon escalate into all-out war. In Destined for War, the eminent Harvard scholar Graham Allison explains why Thucydides's Trap is the best lens for understanding U.S.-China relations in the twenty-first century. Through uncanny historical parallels and war scenarios, he shows how close we are to the unthinkable. Yet, stressing that war is not inevitable, Allison also reveals how clashing powers have kept the peace in the past -- and what painful steps the United States and China must take to avoid disaster today"--
600 10 - SUBJECT ADDED ENTRY--PERSONAL NAME
Personal name Thucydides.
Title of a work History of the Peloponnesian War.
650 #0 - SUBJECT ADDED ENTRY--TOPICAL TERM
Topical term or geographic name as entry element War
General subdivision Causes.
650 #7 - SUBJECT ADDED ENTRY--TOPICAL TERM
Topical term or geographic name as entry element POLITICAL SCIENCE / History & Theory.
650 #7 - SUBJECT ADDED ENTRY--TOPICAL TERM
Topical term or geographic name as entry element HISTORY / Military / General.
650 #7 - SUBJECT ADDED ENTRY--TOPICAL TERM
Topical term or geographic name as entry element POLITICAL SCIENCE / International Relations / General.
650 #7 - SUBJECT ADDED ENTRY--TOPICAL TERM
Topical term or geographic name as entry element HISTORY / Asia / China.
651 #0 - SUBJECT ADDED ENTRY--GEOGRAPHIC NAME
Geographic name United States
General subdivision Foreign relations
Geographic subdivision China.
651 #0 - SUBJECT ADDED ENTRY--GEOGRAPHIC NAME
Geographic name China
General subdivision Foreign relations
Geographic subdivision China.
776 08 - ADDITIONAL PHYSICAL FORM ENTRY
Display text Online version:
Main entry heading Allison, Graham T., author.
Title Destined for war
Place, publisher, and date of publication Boston : Houghton Mifflin Harcourt, 2017
International Standard Book Number 9780544935334
Record control number (DLC) 2017022333
942 ## - ADDED ENTRY ELEMENTS (KOHA)
Source of classification or shelving scheme Dewey Decimal Classification
Koha item type Books
Holdings
Source of classification or shelving scheme Damaged status Not for loan Home library Current library Shelving location Date of accession Cost, normal purchase price Total Checkouts Full call number Barcode Date last seen Date checked out Copy number Method of acquisition Koha item type Currency
Dewey Decimal Classification     JCC Rouf Library JCC Rouf Library General Stacks   520.00 1 327.73051 ALL 2017 19098 12/23/2025 04/07/2025 C-1 Purchase Books BDT

JCC Library | Contacts | JCC Home

Last Update on 23 September 2017
Copyright @ 2017-2020 JCC Rouf Library
Rouf Library, Jhenidah Cadet College (JCC), Bangladesh